Csapatépítő tréningek vizsgálata a tervezés szervezés szempontjából

Bibliográfiai részletek
Szerző: Lőrincz Dorina
További közreműködők: Keszei Barbara
Dokumentumtípus: Diplomadolgozat
Kulcsszavak:Csapatépítő tréningek
Online Access:http://dolgozattar.uni-bge.hu/21068

MARC

LEADER 00000nta a2200000 i 4500
001 dolg21068
005 20190906130316.0
008 190513suuuu hu om 000 hun d
040 |a BGE Dolgozattár Repozitórium  |b hun 
041 |a hu 
100 1 |a Lőrincz Dorina 
245 1 0 |a Csapatépítő tréningek vizsgálata a tervezés szervezés szempontjából  |c Lőrincz Dorina  |h [elektronikus dokumentum] 
246 1 1 |a Csapatépítő tréningek vizsgálata a tervezés szervezés szempontjából 
695 |a Csapatépítő tréningek 
700 1 |a Keszei Barbara  |e ths 
856 4 0 |u http://dolgozattar.uni-bge.hu/21068/1/LorinczDorina_DM2VHF_ANDR.pdf  |z Dokumentum-elérés